00693nam a2200193 a 450000100060000000300080000600500170001400800410003103500200007204000310009204100080012308200220013124501560015326000600030930000350036950400390040465000260044370000300046951757BD-RjUL20211209075717.0160903s1938 nyua b 001 0 eng  a(BD-RjUL) 51877 aDLCcDLCdDLCdBD-RjUbeng aeng00a530223bSEM 193810aDemonstration experiments in physics /cedited by Richard Manliffe Sutton, prepared under the auspices of the American association of physics teachers. aNew York ;aLondon :bMcGraw-Hill company inc.,cc1938. aviii, 545 p. :bill, ;c24 cm. aBibliography: p. 509-510 and index 0aPhysicsxExperiments. aSutton, Richard Manliffe,